Вып. 215 : Производство фосфорных удобрений; Минеральные удобрения и серная кислота

Bibliographische Detailangaben
Parent link:Минеральные удобрения и серная кислота: [сборник трудов]/ Научный институт по удобрениям и инсектофунгисидам им. Я. В. Самойлова. Вып. 215 : Производство фосфорных удобрений.— , 1965-1978
Weitere Verfasser: Бруцку Е. Б. (редактор)
Sprache:Russisch
Veröffentlicht: 1971
Schlagworte:
Format: MixedMaterials Buch
KOHA link:https://koha.lib.tpu.ru/cgi-bin/koha/opac-detail.pl?biblionumber=289797

MARC

LEADER 00000nam2a2200000 4500
001 289797
005 20231102000224.0
035 |a (RuTPU)RU\TPU\book\314313 
035 |a RU\TPU\book\314300 
090 |a 289797 
100 |a 20150402d1971 k y0rusy50 ca 
101 0 |a rus 
102 |a RU 
105 |a a z 001zy 
200 0 |a Вып. 215 : Производство фосфорных удобрений  |f под ред. Е. Б. Бруцку 
210 |d 1971 
215 |a 138 с.  |c ил. 
320 |a Библиография в конце статей 
461 1 |0 (RuTPU)RU\TPU\book\314186  |t Минеральные удобрения и серная кислота  |o [сборник трудов]  |f Научный институт по удобрениям и инсектофунгисидам им. Я. В. Самойлова  |v Вып. 215 : Производство фосфорных удобрений  |d 1965-1978  |s Труды [НИУИФ] 
606 1 |a Фосфорные удобрения  |x Производство  |x Сырье  |2 stltpush  |3 (RuTPU)RU\TPU\subj\32244  |9 54854 
610 1 |a фосфорная кислота 
610 1 |a концентрация 
610 1 |a аммофос 
610 1 |a преципитат 
610 1 |a фосфориты 
610 1 |a сернокислотное разложение 
610 1 |a месторождения 
610 1 |a вакуум-фильтры 
610 1 |a фтористые газы 
610 1 |a улавливание 
610 1 |a фтористые соединения 
610 1 |a распределение 
610 1 |a фторсодержащие стоки 
610 1 |a обезвреживание 
675 |a 661.632  |v 4 
702 1 |a Бруцку  |b Е. Б.  |4 340 
801 1 |a RU  |b 63413507  |c 20150402 
801 2 |a RU  |b 63413507  |c 20170605  |g RCR 
942 |c BK